000 00732nam a2200265Ia 4500
003 OSt
005 20220926014621.0
006 a|||||r|||| 00| 0
007 ta
008 220923b |||||||| |||| 00| 0 eng d
020 _a0070654158
037 _cGeneral Book
040 _aRTL
_cRTL
_beng
041 _2eng
_aeng
082 _aB2891, L7
100 _aTucker Allen B Jr
_9320875
245 0 _aProgramming languages
260 _aNew York
_bMcGraw-Hill Book Co.
_c1977
300 _axv,439p.
_ccm.
490 _aMcGraw-Hill computer Science Series
500 _aAppendix P 397-429
650 _aLinear Programming
942 _hB2891, L7
_cGB
_2CC
999 _c629486
_d629486